Ekonomické a právne aspekty offshoringu bakalárska práca

Guardado en:
Detalles Bibliográficos
Autor principal: Tóthová, Ivana
Autor Corporativo: Národohospodárska fakulta EU. Katedra ekonómie
Otros Autores: Lisý, Ján
Formato: Libro
Lenguaje:eslovaco
Publicado: Bratislava 2017
Etiquetas: Agregar Etiqueta
Sin Etiquetas, Sea el primero en etiquetar este registro!

MARC

LEADER 00000nbm a2200000 4500
001 0233735
005 20180306131223.0
041 0 |a slo 
044 |a SK 
245 1 0 |a Ekonomické a právne aspekty offshoringu  |b bakalárska práca  |c Ivana Tóthová ; školiteľ: Ján Lisý 
264 1 |a Bratislava  |c 2017 
300 |a 54 s. 
100 1 |a Tóthová, Ivana 
700 1 |a Lisý, Ján 
710 2 |a Národohospodárska fakulta EU. Katedra ekonómie